000 01072nam a2200253Ia 4500
999 _c3241
_d3241
003 OSt
005 20200619152957.0
008 191128t2009 ck a gr 000 j spa d
020 _a9789583027109
040 _aCO-JMCR
_cCO-JMCR
041 _aspa
082 0 4 _aH /
_bROMn
100 1 _aRoman, Annette,
_eautora
_95861
245 1 0 _aNiños en la guerra :
_bde niños a hombres /
_cRoman Annette; traducción Felipe Estrada Prada
250 _aPrimera edición
260 _aBogotá :
_bPanamericana ; The World Bank,
_c©2009
300 _a43 páginas :
_bilustraciones a blanco y negro ;
_c20 cm.
490 0 _aMundo Manga
500 _aRecomendado para mayores de 15 años.
520 _aRei, un huérfano de quince años, sobrevive gracias a su ingenio y su instinto en las terribles calles del mundo. Su suerte cambia cuando conoce a un misterioso extraño que le ofrece su ayuda para que consiga si sueño de convertirse en el mejor luchador…
534 _p1 world manga: passage 4: child soldiers
650 _aTiras cómicas
_95616
942 _2ddc
_cBK